000 00521nam a2200169Ia 4500
008 090711s9999 xx 000 0 und d
082 _b76826
100 _aपाटील शालिनी
245 _aहॉस्पिटल
260 _bशांती पब्लिकेशन्स
_c1995
300 _a224
600 _aपाटील शालिनी
630 _aहॉस्पिटल
700 _aपाटील शालिनी
730 _aहॉस्पिटल
942 _cBOOK
999 _c299730
_d299730